| 000 | 00875nam a2200193 a 4500 | ||
|---|---|---|---|
| 005 | 20240924065327.0 | ||
| 008 | 991125s1980 mx 000 0 spa u | ||
| 035 | _aUPN01000004733 | ||
| 049 | _aCG | ||
| 050 | 4 |
_aLE7.2931 U265 _bD411.2 no.10 |
|
| 110 | 2 |
_aUniversidad Nacional Autónoma de México. _bDirección General de Intercambio Académico |
|
| 245 | 1 | 0 |
_aAsociación Nacional de Universidades e Institutos de Enseñanza Superior (ANUIES) (1950-1980) / _cUniversidad Nacional Autónoma de México, Dirección General de Intercambio Académico. |
| 260 |
_aMéxico : _bUNAM, Dirección General de Intercambio Académico, _c1980. |
||
| 300 | _a106 p. | ||
| 440 | 0 |
_aCuadernos de intercambio académico ; _v10 |
|
| 610 | 2 | 4 | _aASOCIACION NACIONAL DE UNIVERSIDADES E INSTITUTOS DE ENSEÑANZA SUPERIOR (MEXICO) |
| 650 | 4 |
_aEducación superior _zMéxico _94968 |
|
| 905 | _aLibro | ||
| 999 |
_c4733 _d4733 |
||